000 02275nam2a22002291 4500
001 rc\4457362
005 20250611175849.0
035 _a(NLR Aleph) 008322301
090 _a8764539
_c8764539
100 _a20130416d1959 |||y0rusy50 ca
101 0 _arus
102 _aRU
105 _ay z |||||
200 1 _aМеханизация слесарных (ручных) работ при ремонте и модернизации оборудования
_h[9]
_iОпыт механизации операции заплетения петель на чалочных прессах и отбортовочных в жестяных работах / В.В. Прилежаев
210 _d1959
_aБ. м.
215 _a4 с.
461 0 _1001rc\4457352
_12001#$a[Тезисы докладов]$eРаздел 1-$fЦентр. и Моск. правл. Науч.-техн. о-ва машиностроит. пром-сти. Секции ремонта и модернизации оборудования. Выставка достижений нар. хоз-ва. Всесоюз. науч.-техн. совещание по современной технологии ремонта и модернизации оборудования и механизации ремонтных работ$vРаздел 2
_98764479
_aВсесоюзное научно-техническое совещание по современной технологии ремонта и модернизации оборудования и механизации ремонтных работ (1959 ; Москва)
_cМосква
_d1959
_fЦентр. и Моск. правл. Науч.-техн. о-ва машиностроит. пром-сти. Секции ремонта и модернизации оборудования. Выставка достижений нар. хоз-ва. Всесоюз. науч.-техн. совещание по современной технологии ремонта и модернизации оборудования и механизации ремонтных работ
_nБ. и.
_oРаздел 1-
_t[Тезисы докладов]
_vРаздел 2
801 0 _aRU
_bNLR
_gpsbo
801 1 _aRU
_bELAR
_2rusmarc
852 _aNLR
_j59-4/15623
942 _cBOOK
980 _aNB